|
|
|
|
| LEADER |
02150nam a22004335i 4500 |
| 001 |
978-88-470-2074-0 |
| 003 |
DE-He213 |
| 005 |
20151204150525.0 |
| 007 |
cr nn 008mamaa |
| 008 |
120407s2012 it | s |||| 0|ita d |
| 020 |
|
|
|a 9788847020740
|9 978-88-470-2074-0
|
| 024 |
7 |
|
|a 10.1007/978-88-470-2074-0
|2 doi
|
| 040 |
|
|
|d GrThAP
|
| 050 |
|
4 |
|a RC346-429.2
|
| 072 |
|
7 |
|a MJN
|2 bicssc
|
| 072 |
|
7 |
|a MED056000
|2 bisacsh
|
| 082 |
0 |
4 |
|a 616.8
|2 23
|
| 100 |
1 |
|
|a Sghirlanzoni, Angelo.
|e author.
|
| 245 |
1 |
0 |
|a Guida alla valutazione medico-legale del danno neurologico
|h [electronic resource] /
|c by Angelo Sghirlanzoni, Umberto Genovese.
|
| 264 |
|
1 |
|a Milano :
|b Springer Milan,
|c 2012.
|
| 300 |
|
|
|a X, 240 pagg.
|b online resource.
|
| 336 |
|
|
|a text
|b txt
|2 rdacontent
|
| 337 |
|
|
|a computer
|b c
|2 rdamedia
|
| 338 |
|
|
|a online resource
|b cr
|2 rdacarrier
|
| 347 |
|
|
|a text file
|b PDF
|2 rda
|
| 520 |
|
|
|a La diagnosi è un processo indiziario in cui l’anamnesi suggerisce le ipotesi di malattia e gli esami strumentali forniscono le prove. Nel caso della medicina legale lo specialista realizza la sintesi finale esprimendosi sull’eventuale presenza e il grado di una menomazione. La "Guida alla valutazione medico-legale del danno neurologico” facilita il procedimento che, partendo dall’osservazione del periziando, ne diagnostica la sindrome e ne quantifica l’invalidità. È perciò rivolta al medico-legale e a tutti i professionisti che in ambito pubblico o privato (Responsabilità Civile, Assicurazione Privata, Infortunistica del Lavoro, Invalidità Civile) devono pronunciarsi sull'esistenza e sull’entità di un deficit invalidante.
|
| 650 |
|
0 |
|a Medicine.
|
| 650 |
|
0 |
|a Forensic medicine.
|
| 650 |
|
0 |
|a Neurology.
|
| 650 |
1 |
4 |
|a Medicine & Public Health.
|
| 650 |
2 |
4 |
|a Neurology.
|
| 650 |
2 |
4 |
|a Forensic Medicine.
|
| 700 |
1 |
|
|a Genovese, Umberto.
|e author.
|
| 710 |
2 |
|
|a SpringerLink (Online service)
|
| 773 |
0 |
|
|t Springer eBooks
|
| 776 |
0 |
8 |
|i Printed edition:
|z 9788847020733
|
| 856 |
4 |
0 |
|u http://dx.doi.org/10.1007/978-88-470-2074-0
|z Full Text via HEAL-Link
|
| 912 |
|
|
|a ZDB-2-SME
|
| 950 |
|
|
|a Medicine (Springer-11650)
|